How to beat the Japanese at their own game
Salvato in:
| Autore principale: | |
|---|---|
| Natura: | Libro |
| Lingua: | Undetermined |
| Pubblicazione: |
Englewood Cliffs
Prentice-Hall
1983
|
| Soggetti: | |
| Tags: |
Aggiungi Tag
Nessun Tag, puoi essere il primo ad aggiungerne! !
|
| Thư viện lưu trữ: | Trung tâm Học liệu Trường Đại học Cần Thơ |
|---|
| LEADER | 00588nam a2200193Ia 4500 | ||
|---|---|---|---|
| 001 | CTU_97710 | ||
| 008 | 210402s9999 xx 000 0 und d | ||
| 082 | |a 337.52 | ||
| 082 | |b R533 | ||
| 100 | |a Richmond, Frederick W. | ||
| 245 | 0 | |a How to beat the Japanese at their own game | |
| 245 | 0 | |c Frederick W. Richmond, Michael Kahan | |
| 260 | |a Englewood Cliffs | ||
| 260 | |b Prentice-Hall | ||
| 260 | |c 1983 | ||
| 650 | |a Foreign economic relations,Industrial policy | ||
| 650 | |z Japan,United states,Japan | ||
| 904 | |i Giang | ||
| 980 | |a Trung tâm Học liệu Trường Đại học Cần Thơ | ||